| 000 | 00324nam a22001337a 4500 | ||
|---|---|---|---|
| 020 | _qHB. | ||
| 040 | _cFIZZA ISHAQ | ||
| 082 |
_a620.0011 _bMAR |
||
| 100 |
_aSHILVEN, MARK. _991193 |
||
| 245 |
_aCOMPOSITE SYSTEM DECISION / _cMARK SHILVEN. |
||
| 260 |
_aLONDON ; _bSPRINGER, _c2006. |
||
| 300 | _a254 P. ; | ||
| 942 |
_2ddc _cBK |
||
| 999 |
_c589355 _d589355 |
||